Uncertainty in economics readings and exercises

Gespeichert in:
Bibliographische Detailangaben
Weitere Verfasser: Diamond, Peter, Rotschild, Michael
Format: Buch
Sprache:Englisch
Veröffentlicht: New York Academic Press 1978
Tags: Tag hinzufügen
Keine Tags, Fügen Sie das erste Tag hinzu!

MARC

LEADER 00000nam a2200000 4500
001 0216305
005 20240109105521.6
041 0 |a eng 
044 |a US 
245 1 0 |a Uncertainty in economics  |b readings and exercises  |c edited by: Peter Diamond, Michael Rotschild 
264 1 |a New York  |b Academic Press  |c 1978 
300 |a 556 s. 
700 1 |a Diamond, Peter 
700 1 |a Rotschild, Michael